| 000 | 00991nac a22003377a 4500 | ||
|---|---|---|---|
| 001 | BR9404312 | ||
| 003 | BR-BrBNA | ||
| 005 | 20240105121551.0 | ||
| 008 | 230509b bl.|||m| |||| 00| 0 por d | ||
| 040 |
_aBR-BrBNA _bpor _cBiblioteca Nacional de Agricultura |
||
| 072 | _aE21; E16; E51 | ||
| 090 | _aE21 BR9404312 | ||
| 100 | 1 | _aAndrade, M.C. de | |
| 110 | 1 | _aSuperintendencia do Desenvolvimento do Nordeste, Recife, PE (Brasil) | |
| 245 | 1 | _aArea do sistema canavieiro | |
| 260 | 3 |
_aRecife, PE (Brasil): _c1988. |
|
| 300 | _a686 p. | ||
| 490 |
_aBrasil. SUDENE. Estudos Regionais (Brazil) _vno. 18 _x |
||
| 650 | _aCanavial | ||
| 650 | _aAcucar | ||
| 650 | _aAlcool | ||
| 650 | _aEstatistica de Producao | ||
| 650 | _aUso da Terra | ||
| 650 | _aDensidade Demografica | ||
| 650 | _aUsina Acucareira | ||
| 650 | _aDestilaria | ||
| 650 | _aIndustria Agricola | ||
| 650 | _aRegiao Nordeste | ||
| 909 |
_a202312 _bLúcia Elande _c55 _dLúcia Elande |
||
| 942 |
_2AGRIS _n0 _cMS |
||
| 999 |
_c286056 _d286056 |
||